IFM Opac

Cataloguing : A guidebook (Record no. 19124)

MARC details
000 -LEADER
fixed length control field 00317nam a22001337a 4500
020 ## - INTERNATIONAL STANDARD BOOK NUMBER
International Standard Book Number 0 85157 182 4
082 ## - DEWEY DECIMAL CLASSIFICATION NUMBER
Classification number 025.3 HUN
100 ## - MAIN ENTRY--PERSONAL NAME
Personal name Hunter J. Eric
9 (RLIN) 6864
245 ## - TITLE STATEMENT
Title Cataloguing : A guidebook
260 ## - PUBLICATION, DISTRIBUTION, ETC.
Place of publication, distribution, etc. London
Name of publisher, distributor, etc. Clive Bingley
Date of publication, distribution, etc. 1968
300 ## - PHYSICAL DESCRIPTION
Extent 184p, ill.;22cm
500 ## - GENERAL NOTE
General note Include index
942 ## - ADDED ENTRY ELEMENTS (KOHA)
Koha item type Books
Holdings
Withdrawn status Lost status Damaged status Not for loan Collection code Home library Current library Shelving location Date acquired Source of acquisition Total Checkouts Full call number Barcode Date last seen Price effective from Koha item type
        Non-fiction IFM Main Campus Library IFM Main Campus Library Archival Collection 09/22/2021 Purchase   025.3 HUN 0000012578 10/12/2017 02/19/2022 Books